Vista normal
Vista MARC
Entrada Topical Term
Número de registros utilizados en: 2
001 - CONTROL NUMBER
- control field: 1853
003 - CONTROL NUMBER IDENTIFIER
- control field: OSt
005 - DATE AND TIME OF LATEST TRANSACTION
- control field: 20200325153846.0
008 - FIXED-LENGTH DATA ELEMENTS
- fixed length control field: 200325|| aca||aabn | a|a d
040 ## - CATALOGING SOURCE
- Original cataloging agency: OSt
- Transcribing agency: OSt
150 ## - HEADING--TOPICAL TERM
- Topical term or geographic name entry element: Programación orientada a objetos (informática)
670 ## - SOURCE DATA FOUND
- Source citation: Work cat.: (OSt)4677: Martin, James, autor 1852, Análisis y diseño orientado a objetos /, 1992.